| 000 | 00508 a2200169 4500 | ||
|---|---|---|---|
| 999 |
_c329671 _d329671 |
||
| 001 | 63832 | ||
| 003 | NUST | ||
| 005 | 20170616091519.0 | ||
| 008 | 170517b xxu||||| |||| 00| 0 eng d | ||
| 020 | _a9789693510164 | ||
| 040 | _cNUST | ||
| 082 |
_a891.4392 _bBUT |
||
| 100 |
_aYounas Butt, M. Dr. _9906 |
||
| 245 |
_aGharmastian [Urdu] _cby Muhammad Younas |
||
| 260 |
_aLahore _bSange Meel _c2008 |
||
| 300 | _a231pp | ||
| 650 |
_asatire humour _9987 |
||
| 880 |
_aگھر مستیاں _6245-02\(3\r _cڈاکٹر محمد یونس بٹ |
||
| 880 |
_aڈاکٹر محمد یونس بٹ _6100-01\(3\r |
||
| 880 |
_aلاہور: _6260-03\(3\r _bسنگ میل پبلی کیشنز، _c2008 |
||
| 942 |
_2ddc _cBK |
||